| 000 | 00416nam a2200181Ia 4500 | ||
|---|---|---|---|
| 001 | 8996 | ||
| 005 | 20260306160651.0 | ||
| 008 | 260306t2005||||xx |||||||||||||| ||spa|| | ||
| 041 | _aESP | ||
| 082 |
_a372.21 _bM86 |
||
| 100 |
_aMorrison, George S. _eAUT |
||
| 245 | 0 | _aEducación preescolar | |
| 260 | _c2005 | ||
| 300 |
_a433 páginas : _c25 cm. |
||
| 650 | _aGEN | ||
| 654 | _aCED | ||
| 942 |
_cLIB _dJUS _fJUS _2ddc _n |
||
| 999 |
_c8996 _d8996 |
||